00633cam a22002171 4500001001300000003000400013005001700017008004100034010001700075035001900092040003800111042001200149050002300161100002500184245004900209260005000258300001900308490002400327500005100351999001300402af 46001398 DLC20260227110759.0791114s1943 au 000 1 ger c aaf 46001398  a(OCoLC)5693403 aPrinceton Univ. LibrarycGATdDLC apremarc00aPT2621.U9bU5 19431 aKuthe, Eugen,d1898-14aDer Unsterblichkeits-Konzern,bein Zeitbild. aSalzburg,bVerlag "Das Bergland-Buch"c[1943] a231 p.c20 cm.0 a"Das Bergland-Buch" aAuthor's pseud., Horst Uden, at head of title. c547d547